Statistics for Popular YouTubers #2

Click here to take the quiz!

General Stats

  • This quiz has been taken 11 times
  • The average score is 4 of 15

Answer Stats

Subscribers (millions)HintAnswer% Correct
225Had a "subscriber war" with Pewdiepie in 2019.T-Series
78%
51.8The most followed woman on Instagram.Ariana Grande
33%
101Stars a seven-year old Russian girl.Like Nastya
33%
33.7Founded the clothing company "Cloak" with another Youtuber, jacksepticeye.Markiplier
33%
15.4Beat Dream in a $100,000 Minecraft Duel.Technoblade
33%
38.3Stars Ellen DeGeneres.TheEllenShow
33%
91.1Known best for its professional wrestling.WWE
33%
46.7Published the album "When We All Fall Asleep, Where Do We Go?".Billie Eilish
22%
31Artist of "Despacito".Luis Fonsi
22%
57.9A company that streams clips from films.Movieclips
22%
23.8Rose to fame by playing Fortnite.Ninja
22%
37.6The name is sometimes shortened to "1D".One Direction
22%
66Owns the largest Latin-American YouTube channel.Canal KondZilla
11%
72.4Was formerly owned by the company "Sri Adhikari Brothers".Sony SAB
11%
36.4"Ideas worth spreading".Tedx Talks
11%

Score Distribution

Percentile by Number Answered

Percent of People with Each Score

Your Score History

You have not taken this quiz